02193nam a2200469 a 450000500170000000800410001702000150005804100080007309200220008124500900010325000660019326000310025930000160029050001290030659000570043565300390049265300830053165300680061465300510068265300610073365300520079465300330084665300520087970000310093170000330096270000380099570000450103370000310107870000330110970000330114270000390117570000340121470000370124870000430128570000410132870000470136970000420141693000090145894200120146799900150147995202290149420240417101335.0141117t2002||||sp a f |||| 001 0 spa d a8471013797 aspa c616.0757l17sDON aRadiología en patología cardiovascular.bSyllabus CNR 2002 /cLluis Donoso i Bach a1a ed.bRevisores Javier Azpeitia Arman ; Julio Castedo Valls aMadrid: bMarbán;c2002. a146 p.bil. aDonoso I Bach, L. et al. (2002). Radiología en patología cardiovascular. Syllabus CNR 2002. (1a ed.). Madrid : Marbán. aDonación Dr. Jorge Norberto Trova, noviembre 2017. aTC y RM en la fase aguda del ictus aProcedimientos intervencionistas en el tratamiento del ictus isquémico agudo aTromboembolismo pulmonar: TC helicoidal y ARM 3D con contraste aAngio- RM en patología vascular periférica aDiagnóstico por la imagen en la patología cardíaca aResonancia magnética de las miocardiopatías aRM de la isquemia coronaria aPatología tumoral cardíaca y pericárdiaca1 aDonoso i Bach, Lluis933891 aCastro Reyes , Enrique933901 aFernández Cuadrado, Jaime933911 aFerreirós Domínguez, Joaquín933921 aFortea Gil, Fernando933931 aGutierrez R., Fernando933941 aPalemero da Cruz,Julio933951 aRodríguez García, Esther933961 aRovira Canellas, Álex933971 aSoler Fernández, Rafaela933981 aFernández de la Torre, Jesús933991 aTorres Sánchez, Maria Isabel934001 aHernández Lezana, AntonioeCoedit.934011 aAzpeitia Arman, JaviereCoedit.93402 a4050 2ddccBK c2588d2588 00102ddc40708NFICaBFMbBFMcCRd2017-11-14eDonación de Dr. Jorge Norberto Troval0o616.0757 17 DONp4050r2017-11-14tEj. 1w2017-11-14yBKzHemeroteca 2022. Donación de Dr. Jorge Norberto Trova, noviembre 2017.f